000 00638nam a2200193Ia 4500
003 IN-BaIIA
008 211028s9999 xx 000 0 eng d
020 _a3-540-08295-6
040 _cIIA Library
080 _a519.2:535.33
_bSAL
100 _aSaleh, B
_914173
245 0 _aPhotoelectron statistics
_bwith applications to spectroscopy and opt.ical communication
_cB. Saleh
260 _aBerlin
_bSpringer-Verlag
_c1978
300 _axiii, 441p.
650 _aOptical Communications
_910869
650 _aPhotoelectron statistics
_914174
650 _aSpectroscopy
_91535
942 _cBK
999 _c8459
_d8459